[Event "IX Festival U16"]
[Site "Amantea ITA"]
[Date "2011.09.10"]
[Round "8"]
[White "Serratore, Florin Lorenzo"]
[Black "Cicero, Angelo"]
[Result "0-1"]
[WhiteElo "1422"]
[BlackElo "1551"]
[PlyCount "106"]
[EventDate "2011.09.04"]

1. d4 Nf6 2. e3 g6 3. Bd3 Bg7 4. Nd2 d6 5. Ngf3 O-O 6. O-O Re8 7. Bc4 e5 8. Ng5
Re7 9. Bxf7+ Rxf7 10. Nxf7 Kxf7 11. Qf3 exd4 12. Ne4 Bg4 13. Qf4 Bf5 14. Nxf6
Qxf6 15. exd4 Qxd4 16. Re1 Nd7 17. Be3 Qxf4 18. Bxf4 b6 19. Bg5 Ne5 20. f4 Ng4
21. Re7+ Kf8 22. Rae1 Bd4+ 23. Kh1 Nf2+ 24. Kg1 Nd3+ 25. Kf1 Nxe1 26. Kxe1 Re8
27. Rxe8+ Kxe8 28. c3 Bg7 29. h3 h5 30. Bh4 c5 31. a3 Kd7 32. Kd2 d5 33. Bf2
Kc6 34. g4 hxg4 35. hxg4 Bxg4 36. b4 cxb4 37. cxb4 a5 38. bxa5 bxa5 39. a4 Bd7
40. Be1 Kb6 41. Kd3 Bxa4 42. Bf2+ Kb5 43. Ba7 Kb4 44. Bb8 Bb5+ 45. Kc2 a4 46.
Bd6+ Kc4 47. Be5 Bxe5 48. fxe5 a3 49. Kb1 d4 50. e6 d3 51. Kc1 a2 52. Kb2 d2
53. Kxa2 d1=Q 0-1